000 00958cab a2200181 4500
001 ##L131183
008 051005n2005 000 0 eng u
035 _a(Sirsi) u131183
041 0 _aeng
100 1 _aTinworth, Adam
245 0 0 _aIn search of an all-seeing eye
260 3 _c2005
490 0 _aEstates Gazette
_v(0539) 1 October 2005, 70-72(2)
520 _aAsks whether forecasts using industry data offer valuable advice to the investor, in the second of four articles on property research (see also L131110). Forecasting is all about ensuring that investors and developers make the right decisions. Property is a long-term asset and thus forecasting the property market is more important than forecasting equity performance because it is more difficult to exit from the property market. Summarises the views of leading members of the Society of Property Reseachers.
590 _aIKA111005
690 _aPROPERTY-PROPERTY MARKET
942 _n0
999 _c75980
_d75980